000 00563nam a22002177a 4500
005 20230213144226.0
008 230213b ||||| |||| 00| 0 eng d
020 _a8187190337
040 _cAL
041 _aEnglish
082 _223
_a954.035
_bAHIP
100 _aD C Ahir
_972158
245 _aPoona Pact of 1932
260 _aNew Delhi
_bBlumoon Books
_c1999
300 _a28 p.
_bPB
_c21x14 cm.
365 _c
_d₹15.00
650 _aGandhis fast
_972159
650 _aDrama in Yerwada Jail
_972160
700 _aAHIR (D C)
_972161
942 _2ddc
_cDB
999 _c226696
_d226696